| 000 | 00670nam a2200253Ia 4500 | ||
|---|---|---|---|
| 003 | OSt | ||
| 005 | 20221005091709.0 | ||
| 006 | a|||||r|||| 00| 0 | ||
| 007 | ta | ||
| 008 | 221004b |||||||| |||| 00| 0 eng d | ||
| 020 | _a0333970020 | ||
| 024 | _a72869 | ||
| 037 | _cTextual | ||
| 040 |
_aCRL _cCRL _beng |
||
| 041 |
_2eng _aeng |
||
| 082 | _aAv5,M, P2 | ||
| 100 |
_aOster Malcolm Ed. _9616512 |
||
| 245 | 0 |
_aScience in Europe, 1500-1800 _b a primary sources reader |
|
| 260 |
_aNew York _bPalgrave USA _c2002 |
||
| 300 |
_a282p _ccm. |
||
| 650 | _aSCIENCE | ||
| 942 |
_hAv5,M, P2 _cTEXL _2cc |
||
| 999 |
_c997657 _d997657 |
||